[Event "Venice Province-ch 82nd"]
[Site "Mestre"]
[Date "2023.01.28"]
[Round "3.8"]
[White "Schiera, Ignazio"]
[Black "Arcudi, Gioele"]
[Result "1-0"]
[WhiteElo "1543"]
[BlackElo "1298"]
[PlyCount "86"]
[EventDate "2023.01.27"]
[EventType "swiss"]
[EventRounds "5"]
[EventCountry "ITA"]
[SourceTitle "EXT 2024"]
[Source "ChessBase"]
[SourceDate "2023.10.10"]
[SourceVersion "1"]
[SourceVersionDate "2023.10.10"]
[SourceQuality "1"]

1. e4 c5 2. Nc3 Nc6 3. f4 a6 4. Nf3 g6 5. Bc4 b5 6. Be2 Bg7 7. 0-0 d6 8. Qe1 Nf6 9. Qh4 b4 10. Nd1 Nxe4 11. d3 Nf6 12. f5 Bxf5 13. Bh6 Bxh6 14. Qxh6 Qd7 15. Ne3 Be6 16. Rad1 0-0-0 17. Nc4 Bxc4 18. dxc4 Ng4 19. Qf4 Qf5 20. Qxf5+ gxf5 21. Rd3 e5 22. Rd2 f4 23. Ng5 Rd7 24. Bxg4 Rg8 25. Bxd7+ Kxd7 26. Nxf7 Nd4 27. c3 bxc3 28. bxc3 Nf5 29. Nxe5+ Ke6 30. Nf3 Ne3 31. Re1 Kf5 32. h3 h5 33. Ree2 Nxc4 34. Rd5+ Kf6 35. Rxh5 Ne3 36. Rh6+ Ke7 37. Rh7+ Ke6 38. Ra7 Rb8 39. Rxa6 Rb1+ 40. Ne1 Kd5 41. Kf2 Ke4 42. Ra4+ Ke5 43. Nd3+ Kf5 1-0

[Event "Mestre CIS 53rd"]
[Site "Mestre"]
[Date "2021.09.17"]
[Round "2.3"]
[White "Schiera, Ignazio"]
[Black "Barecchia, Marco"]
[Result "0-1"]
[WhiteElo "1559"]
[BlackElo "1503"]
[PlyCount "80"]
[EventDate "2021.09.17"]
[EventType "team-swiss"]
[EventRounds "6"]
[EventCountry "ITA"]
[SourceTitle "EXT 2023"]
[Source "ChessBase"]
[SourceDate "2022.10.05"]
[SourceVersion "1"]
[SourceVersionDate "2022.10.05"]
[SourceQuality "1"]
[WhiteTeam "Mestre Capa Boys"]
[BlackTeam "Venezia Canal C"]
[WhiteTeamCountry "ITA"]
[BlackTeamCountry "ITA"]

1. e4 d5 2. exd5 Nf6 3. Nc3 Nxd5 4. Nxd5 Qxd5 5. Qf3 e6 6. Qxd5 exd5 7. d4 Bd6 8. Bd3 Nc6 9. Be3 Bg4 10. c3 0-0 11. f3 Be6 12. Ne2 Rfe8 13. Nf4 Bd7 14. Kf2 Rxe3 15. Kxe3 Re8+ 16. Kf2 Bxf4 17. Rae1 Ne7 18. g3 Bd6 19. f4 b6 20. Kf3 c5 21. Re2 c4 22. Bc2 b5 23. Rhe1 h5 24. h4 Bg4+ 25. Kf2 Bxe2 26. Rxe2 Kf8 27. Kf3 a5 28. Rg2 b4 29. g4 hxg4+ 30. Kxg4 Ng8 31. Ba4 Re3 32. Rg3 Nh6+ 33. Kh3 Bxf4 34. Rxe3 Bxe3 35. Bc6 Nf5 36. Bxd5 Nd6 37. Kg3 Bc1 38. cxb4 axb4 39. b3 c3 40. Bf3 c2 0-1

[Event "Mestre Cipressina op-B 5th"]
[Site "Mestre"]
[Date "2016.11.25"]
[Round "1"]
[White "Bordin, Silvia"]
[Black "Schiera, Ignazio"]
[Result "0-1"]
[WhiteElo "1380"]
[BlackElo "1606"]
[PlyCount "58"]
[EventDate "2016.11.25"]
[EventType "swiss"]
[EventRounds "5"]
[EventCountry "ITA"]
[SourceTitle "EXT 2022"]
[Source "ChessBase"]
[SourceDate "2021.10.06"]
[SourceVersion "1"]
[SourceVersionDate "2021.10.06"]
[SourceQuality "1"]

1. e4 d6 2. d4 e5 3. Nf3 exd4 4. Nxd4 Nf6 5. Nc3 Be7 6. Bc4 0-0 7. 0-0 Nbd7 8. Nf5 Ne5 9. Be2 Bxf5 10. exf5 Qd7 11. Nd5 Nxd5 12. Qxd5 c6 13. Qe4 f6 14. Bc4+ d5 15. Bb3 Bd6 16. Rd1 Rae8 17. f4 Ng4 18. Qd3 Bc5+ 19. Be3 Bxe3+ 20. Kf1 Nxh2+ 21. Ke2 Bxf4+ 22. Kf2 Ng4+ 23. Kf1 Re3 24. Bxd5+ Kh8 25. Be6 Rxd3 26. Bxd7 Rxd1+ 27. Rxd1 Ne3+ 28. Ke2 Nxd1 29. Kxd1 Rd8 0-1